Представление документа в формате MARC21

ПолеНазваниеЗначение
  Тип записи a
  Библиографический уровень m
001 Контрольный номер RU\infra-m\znanium\bibl\2226143
005 Дата корректировки 20260429142111.4
008 Кодируемые данные 250912s2025 RU g rus u
020 Индекс ISBN __
a ISBN 978-5-9729-2237-6
040 Источник каталогиз. __
a Служба первич. каталог. Общество с ограниченной ответственностью «ЗНАНИУМ»
041 Код языка издания __
a Код языка текста rus
044 Код страны публикации __
a Код страны публикации RU
080 Индекс УДК __
a Индекс УДК 664
084 Индекс другой классификации/Индекс ББК __
2 Источник индекса rubbk
a Индекс другой классификации/Индекс ББК 36
084 Индекс другой классификации/Индекс ББК __
2 Источник индекса okso
a Индекс другой классификации/Индекс ББК 19.03.04
084 Индекс другой классификации/Индекс ББК __
2 Источник индекса okso
a Индекс другой классификации/Индекс ББК 19.04.04
100 Автор __
a Автор Авроров В.А.
q Полное имя Авроров Валерий Александрович
u Дополнение Пензенский государственный технологический университет
245 Заглавие __
a Заглавие Процессы и аппараты предприятий общественного питания
b Продолж. заглавия Учебное пособие
c Ответственность Пензенский государственный технологический университет
250 Сведения об издании __
a Основные сведения об издании 1
260 Выходные данные __
a Место издания Вологда
b Издательство Инфра-Инженерия
c Дата издания 2025
300 Физическое описание __
a Объем 528 с.
520 Аннотация __
a Аннотация Рассмотрены особенности движущие силы и основные закономерности механических гидромеханических тепловых и тепломассообменных процессов обработки пищевого сырья при производстве полуфабрикатов и готовой кулинарной продукции в цехах заготовочных и доготовочных предприятий общественного питания. Приведено описание схем устройства и принципа действия машин и аппаратов для реализации этих процессов. Рассмотрены методы оценки показателей качества технологического оборудования применяемого на предприятиях общественного питания и вырабатываемой кулинарной продукции. Приведены инженерные расчеты технологических и технических параметров процессов и аппаратов иллюстрируемых конкретными числовыми примерами. Для студентов вузов обучающихся по направлениям подготовки бакалавриата 19.03.04 и магистратуры 19.04.04 «Технология продукции и организация общественного питания» может быть полезно специалистам работающим в области общественного питания.
521 Примеч. о цел. назн. __
a Примеч. о целев. назн. ВО - Бакалавриат
650 Тематические рубрики __
a Основная рубрика Промышленность. Энергетика
x Основная подрубрика Общественное питание
655 Указ. предметных рубрик (устаревшее) __
a Жанр/ форма (устаревшее) Учебное пособие
856 Электронный адрес документа 4_
a Имя сервера/домена znanium.ru
m Помощь ebs_support@infra-m.ru
n Местонахождение сервера НИЦ ИНФРА-М
u URL https://znanium.ru/catalog/document?id=469695
856 Электронный адрес документа 48
a Имя сервера/домена znanium.ru
d Путь /cover/2226
f Электронное имя 2226143.jpg
q Тип электронного формата image/jpeg
u URL https://znanium.ru/cover/2226/2226143.jpg
911 __
u 0030=https://znanium.ru/catalog/document?id=469695